Catálogo
 En Linea

Estadística industrial de la República Dominicana 1976-1977. (Registro nro. 26124)

Detalles MARC
000 -CABECERA
campo de control de longitud fija 00762nam a2200181 a 4500
001 - NÚMERO DE CONTROL
campo de control 000026632
005 - FECHA Y HORA DE LA ÚLTIMA TRANSACCIÓN
campo de control 20200930030326.0
008 - DATOS DE LONGITUD FIJA--INFORMACIÓN GENERAL
campo de control de longitud fija 110324s1979 dr 000 0 spa d
040 ## - FUENTE DE LA CATALOGACIÓN
Centro catalogador/agencia de origen DO-SdBNP
Lengua de catalogación spa
Centro/agencia transcriptor BNPHU
049 ## - FONDOS LOCALES (OCLC)
Fondos de biblioteca BNPD
110 1# - ENTRADA PRINCIPAL--NOMBRE DE ENTIDAD CORPORATIVA
Nombre de entidad corporativa o nombre de jurisdicción como elemento de entrada República Dominicana
Unidad subordinada Secretariado Ténico de la Presidencia
-- Oficna Nancional de Estadística
9 (RLIN) 53738
245 10 - MENCIÓN DE TÍTULO
Título Estadística industrial de la República Dominicana 1976-1977.
260 ## - PUBLICACIÓN, DISTRIBUCIÓN, ETC.
Lugar de publicación, distribución, etc. Santo Domingo :
Nombre del editor, distribuidor, etc. Oficina Nacional de Estadística,
Fecha de publicación, distribución, etc. 1979.
Fabricante Editora Offset
300 ## - DESCRIPCIÓN FÍSICA
Extensión 158 P. ;
Dimensiones 28 cm.
490 1# - MENCIÓN DE SERIE
Mención de serie Anuario estadística industrial de la República Dominicana
Designación de volumen o secuencia no. 24
500 ## - NOTA GENERAL
Nota general Incluye notas al pie de las páginas
830 #0 - PUNTO DE ACCESO ADICIONAL DE SERIE-TÍTULO UNIFORME
Título uniforme Anuario estadística industrial de la República Dominicana
Número de parte o sección de la obra 24
9 (RLIN) 53739
Existencias
Estado de retiro Estado de pérdida No para préstamo Código de colección Localización permanente Ubicación/localización actual Ubicación en estantería Fecha de adquisición Número de inventario Total de préstamos Signatura topográfica completa Código de barras Fecha visto por última vez Precio válido a partir de Tipo de ítem Koha
    Excluido de préstamo Patrimonio Dominicano Patrimonio Dominicano Patrimonio Dominicano En catalogación 24.03.2011 LF1   26632-10 25.06.2020 25.06.2020 Libro y Folleto Colección Patrimonio Dominicano

Con tecnología Koha